Outlet neponúka tovar z druhej ruky
Nový segment na slovenskom trhu - outlet tovar. Predaj značkového tovaru z minulej sezóny za výhodné ceny. Vznik koncepcie designer outlet v USA a jej rýchle rozšírenie do celého sveta. Anglická firma McArthurGlen - líder outletového trhu v Európe. Prvý outlet obchod na Slovensku.
Salvato in:
| Autore principale: | |
|---|---|
| Natura: | Capitolo di libro |
| Lingua: | slovacco |
| Soggetti: | |
| Tags: |
Nessun Tag, puoi essere il primo ad aggiungerne!!
|
MARC
| LEADER | 00000naa$a2200000$$$4500 | ||
|---|---|---|---|
| 001 | 0043627 | ||
| 005 | 20231009071450.2 | ||
| 041 | 0 | |a slo | |
| 044 | |a SK | ||
| 245 | 1 | 0 | |a Outlet neponúka tovar z druhej ruky |c Dagmar Krištofičová |
| 520 | |a Nový segment na slovenskom trhu - outlet tovar. Predaj značkového tovaru z minulej sezóny za výhodné ceny. Vznik koncepcie designer outlet v USA a jej rýchle rozšírenie do celého sveta. Anglická firma McArthurGlen - líder outletového trhu v Európe. Prvý outlet obchod na Slovensku. | ||
| 610 | 2 | 0 | |a obchod |
| 610 | 2 | 0 | |a predaj |
| 610 | 2 | 0 | |a tovar |
| 610 | 2 | 0 | |a značky výrobkov |
| 610 | 2 | 0 | |a ceny |
| 610 | 2 | 0 | |a konfekcia |
| 610 | 2 | 0 | |a obuv |
| 610 | 2 | 0 | |a elektronika |
| 100 | 1 | |a Krištofičová, Dagmar | |